000 00500nam a22001697a 4500
999 _c9035
_d9035
008 210320b ||||| |||| 00| 0 eng d
040 _aBMS College of Architecture
100 _aRaj, Aditi
245 _aTamanna - The spastic centre
300 _a80p.
500 _a1BM07AT002
502 _8B.Arch
_NBMS College of Architecture, Visvesvaraya Technological University
_aProject report
_d2012
650 _aNA
700 _aShobha M N
_eGuide
700 _aK R Madhu Chand
_eGuide
942 _2ddc
_cTHE